Alle Ministerpräsidentinnen jemals - Statistiken

Allgemein
  • Dieses Quiz wurde 34 mal gespielt
  • Das Durchschnittsergebnis liegt bei 5 aus 8
Antwortstatistiken
Bundesland von bis Name % Korrekt
Mecklenburg Vorpommern 2017 heute Manuela Schwesig
94%
Rheinland-Pfalz 2013 2024 Malu Dreyer
82%
Nordrhein Westfalen 2010 2017 Hannelore Kraft
70%
Saarland 2022 heute Anke Rehlinger
67%
Berlin 2021 2023 Franziska Giffey
67%
Saarland 2011 2018 Annegret Kramp-Karrenbauer
64%
Schleswig-Holstein 1993 2005 Heide Simonis
64%
Thüringen 2009 2014 Christine Lieberknecht
33%
Keine übereinstimmenden Quizze gefunden
Verteilung der Resultate
Anzahl Personen mit jedem Resultat
Perzentil nach korrekt beantworteten Fragen
Ihre Resultats-Entwicklung
Sie haben dieses Quiz noch nicht gespielt